000 00410cam a22001337a 4500
008 180718b1996 xxu||||| |||| 00| 0 eng d
082 _aA81x54 91/21/PT4B/2
100 _aCensus of India 1991
245 _aRajasthan: religion
260 _aDelhi
_bThe Controller of Publications
_c1996
300 _a84p.
440 _aCensus of India 1991. Series-21, Rajasthan. Part IV B (ii)
500 _aContents: Table C-9
999 _c481765
_d481765